A tőzsdei kereskedelem bemutatása

Bibliographic Details
Main Author: Bocskor Szabolcs
Other Authors: Bartha Dr. Andrea
Format: Thesis
Kulcsszavak:Tőzsde
Kereskedelem
Befektetés
Grafikon
Árfolyam
Instrumentum
Online Access:http://dolgozattar.uni-bge.hu/1907

MARC

LEADER 00000nta a2200000 i 4500
001 dolg1907
005 20150903154423.0
008 150428suuuu hu om 000 hun d
040 |a BGE Dolgozattár Repozitórium  |b hun 
041 |a hu 
100 1 |a Bocskor Szabolcs 
245 1 2 |a A tőzsdei kereskedelem bemutatása  |c Bocskor Szabolcs  |h [elektronikus dokumentum] 
246 1 1 |a A tőzsdei kereskedelem bemutatása 
695 |a Tőzsde 
695 |a Kereskedelem 
695 |a Befektetés 
695 |a Grafikon 
695 |a Árfolyam 
695 |a Instrumentum 
700 1 |a Bartha Dr. Andrea  |e ths 
856 4 0 |u http://dolgozattar.uni-bge.hu/1907/7/szakdolgozat.pdf  |z Dokumentum-elérés